Az antiaritmiás gyógyszerek klinikai alkalmazásának farmakológiai alapjai
Elmentve itt :
| Szerzők: | |
|---|---|
| Dokumentumtípus: | Könyv |
| Kulcsszavak: | elektrofiziológia gyógyszerészet szívritmuszavar kezelése |
| Tárgyszavak: | |
| Online Access: | http://eta.bibl.u-szeged.hu/1741 |
| LEADER | 00973nnm a2200289 i 4500 | ||
|---|---|---|---|
| 001 | eta1741 | ||
| 005 | 20200326134111.0 | ||
| 008 | 190206suuuu hu o 0|| hun d | ||
| 040 | |a SZTE Elektronikus Tananyag Archívum |b hun | ||
| 041 | |a hun | ||
| 100 | 1 | |a Varró András | |
| 245 | 1 | 3 | |a Az antiaritmiás gyógyszerek klinikai alkalmazásának farmakológiai alapjai |h [elektronikus dokumentum] / |c Varró András |
| 300 | |a 35 | ||
| 516 | |a Book | ||
| 650 | 4 | |a Orvos- és egészségtudomány | |
| 650 | 4 | |a Általános orvostudomány | |
| 650 | 4 | |a Farmakológia és gyógyszerészet | |
| 650 | 4 | |a Klinikai orvostan | |
| 650 | 4 | |a Szív és keringési rendszer | |
| 650 | 4 | |a Ritmuszavarok | |
| 650 | 4 | |a Elektrofiziológia | |
| 695 | |a elektrofiziológia | ||
| 695 | |a gyógyszerészet | ||
| 695 | |a szívritmuszavar | ||
| 695 | |a kezelése | ||
| 700 | 0 | 1 | |a Fazekas Tamás |e aut |
| 856 | 4 | 0 | |u https://eta.bibl.u-szeged.hu/1741/1/electrofiziologia%20jegyzet.pdf |z Dokumentum-elérés |